|
|
|
|
| LEADER |
00000nam0a2200000 4500 |
| 001 |
291241 |
| 005 |
20231102000352.0 |
| 010 |
|
|
|a 9785496011969
|
| 035 |
|
|
|a (RuTPU)RU\TPU\book\315806
|
| 090 |
|
|
|a 291241
|
| 100 |
|
|
|a 20150413d2015 k y0rusy50 ca
|
| 101 |
1 |
|
|a rus
|c eng
|
| 102 |
|
|
|a RU
|
| 105 |
|
|
|a a z 000zy
|
| 200 |
1 |
|
|a Квантовая механика. Теоретический минимум
|e пер. с англ.
|f Л. Сасскинд, А. Фридман
|
| 210 |
|
|
|a Санкт-Петербург
|c Питер
|d 2015
|
| 215 |
|
|
|a 395 с.
|c ил.
|
| 225 |
1 |
|
|a New Science
|
| 225 |
1 |
|
|a Династия
|
| 330 |
|
|
|a Классическая механика интуитивна: она ежедневно и многократно используется людьми для выживания. Но до двадцатого века никто и никогда не использовал квантовую механику. Она описывает вещи столь малые, что они полностью выпадают из области восприятия человеческих органов чувств. Единственный способ понять эту теорию, насладиться ее красотой — перекрыть нашу интуицию абстрактной математикой.Леонард Сасскинд — известный американский ученый — приглашает вас отправиться в увлекательное путешествие в страну квантовой механики. В пути вам пригодятся базовые знания из школьного курса физики, а также основы математического анализа и линейной алгебры. Также необходимо знать кое-что о вопросах, которые рассматривались в первой книге «теоретического минимума» Сасскинда — «Все, что нужно знать о современной физике». Но нестрашно, если эти знания несколько подзабылись. Многое автор напомнит и пояснит по ходу дела.Квантовая механика — необычная теория: согласно ее постулатам, например, мы можем знать все о системе и ничего о ее отдельных частях. По поводу этого и других противоречий в свое время много спорили Эйнштейн и Нильс Бор. Если вы не боитесь сложностей, обладаете пытливым умом, технически грамотны, искренне и глубоко интересуетесь физикой, то этот курс лекций Леонарда Сасскинда придется вам по душе. Книга концентрируется на логических принципах квантовой теории и ставит целью не сгладить парадоксальность квантовой логики, а вытащить ее на дневной свет и попытаться разобраться с непростыми вопросами, которые она поднимает.
|
| 606 |
1 |
|
|a Квантовая механика
|2 stltpush
|3 (RuTPU)RU\TPU\subj\14211
|9 40667
|
| 610 |
1 |
|
|a физика
|
| 610 |
1 |
|
|a квантовые состояния
|
| 610 |
1 |
|
|a время
|
| 610 |
1 |
|
|a изменение
|
| 610 |
1 |
|
|a неопределенность
|
| 610 |
1 |
|
|a гармонические осцилляторы
|
| 610 |
1 |
|
|a квантовые частицы
|
| 610 |
1 |
|
|a динамика
|
| 610 |
1 |
|
|a история
|
| 610 |
1 |
|
|a принцип неопределенности
|
| 610 |
1 |
|
|a коллапсы
|
| 610 |
1 |
|
|a спины
|
| 610 |
1 |
|
|a магнитные поля
|
| 610 |
1 |
|
|a сохранение энергии
|
| 610 |
1 |
|
|a гамильтонианы
|
| 610 |
1 |
|
|a детерминизм
|
| 610 |
1 |
|
|a спиновая поляризация
|
| 610 |
1 |
|
|a эрмитовы операторы
|
| 675 |
|
|
|a 530.145.6
|v 4
|
| 700 |
|
1 |
|a Сасскинд
|b Л.
|g Леонард
|
| 701 |
|
1 |
|a Фридман
|b А.
|g Арт
|
| 801 |
|
1 |
|a RU
|b 63413507
|c 20150413
|
| 801 |
|
2 |
|a RU
|b 63413507
|c 20150603
|g RCR
|
| 900 |
|
|
|a Квантовая механика
|
| 942 |
|
|
|c BK
|
| 959 |
|
|
|a 40/20150410
|d 3
|e 385,00
|f ЧЗТЛ:1
|f УФ:2
|